Reštavrácia ; (Record no. 20462)
[ view plain ]
| 000 -LEADER | |
|---|---|
| fixed length control field | 01576cam a2200457 a 4500 |
| 001 - CONTROL NUMBER | |
| control field | 20462 |
| 003 - CONTROL NUMBER IDENTIFIER | |
| control field | VRT |
| 005 - DATE AND TIME OF LATEST TRANSACTION | |
| control field | 20260122143414.0 |
| 008 - FIXED-LENGTH DATA ELEMENTS--GENERAL INFORMATION | |
| fixed length control field | 240226s1999 xo gr 000 j slo |
| 015 ## - NATIONAL BIBLIOGRAPHY NUMBER | |
| National bibliography number | SNBA2004/03-02110 |
| 020 ## - INTERNATIONAL STANDARD BOOK NUMBER | |
| International Standard Book Number | 8088834414 |
| 035 ## - SYSTEM CONTROL NUMBER | |
| System control number | SNK000406356 |
| 035 ## - SYSTEM CONTROL NUMBER | |
| System control number | urn:nbn:sk:snk-am3iwjh |
| 035 ## - SYSTEM CONTROL NUMBER | |
| System control number | D34CD1E9-011D-4ED5-8A4F-09B88271E79D |
| 035 ## - SYSTEM CONTROL NUMBER | |
| System control number | urn:nbn:sk:snk-am00g55r |
| 039 #9 - LEVEL OF BIBLIOGRAPHIC CONTROL AND CODING DETAIL [OBSOLETE] | |
| Level of rules in bibliographic description | 202402261817 |
| Level of effort used to assign nonsubject heading access points | VLOAD |
| Level of effort used to assign subject headings | 202205130747 |
| Level of effort used to assign classification | msnk115 |
| Level of effort used to assign subject headings | 202205110851 |
| Level of effort used to assign classification | VLOAD |
| Level of effort used to assign subject headings | 202201070905 |
| Level of effort used to assign classification | VLOAD |
| 040 ## - CATALOGING SOURCE | |
| Original cataloging agency | SNK |
| Language of cataloging | slo |
| Transcribing agency | SNK |
| Description conventions | AACR2 |
| 041 0# - LANGUAGE CODE | |
| Language code of text/sound track or separate title | slo |
| 044 ## - COUNTRY OF PUBLISHING/PRODUCING ENTITY CODE | |
| MARC country code | xo |
| ISO country code | SK |
| 072 #7 - SUBJECT CATEGORY CODE | |
| Subject category code | 821.162.4-3 |
| Subject category code subdivision | Slovenská próza |
| Source | konspekt |
| 080 ## - UNIVERSAL DECIMAL CLASSIFICATION NUMBER | |
| Universal Decimal Classification number | 821.162.4-32 |
| Edition identifier | 2011 |
| 100 1# - MAIN ENTRY--PERSONAL NAME | |
| Personal name | Kalinčiak, Ján, |
| Dates associated with a name | 1822-1871 |
| Relationship | aut |
| 245 10 - TITLE STATEMENT | |
| Title | Reštavrácia ; |
| Remainder of title | Púť lásky |
| Statement of responsibility, etc. | Ján Kalinčiak |
| 250 ## - EDITION STATEMENT | |
| Edition statement | [1. vydanie] |
| 260 ## - PUBLICATION, DISTRIBUTION, ETC. | |
| Place of publication, distribution, etc. | Rohovce |
| Name of publisher, distributor, etc. | Interpopulart Slovakia |
| Date of publication, distribution, etc. | [1999] |
| 300 ## - PHYSICAL DESCRIPTION | |
| Extent | 121 strán |
| Dimensions | 21 cm |
| 490 1# - SERIES STATEMENT | |
| Series statement | Populart. Slovenská romantická literatúra |
| 490 1# - SERIES STATEMENT | |
| Series statement | Študentská knižnica |
| Volume/sequential designation | 42. |
| 500 ## - GENERAL NOTE | |
| General note | Dokument obsahuje 2 diela |
| 655 #7 - INDEX TERM--GENRE/FORM | |
| Genre/form data or focus term | slovenské poviedky |
| Source of term | SNKPH |
| 740 02 - ADDED ENTRY--UNCONTROLLED RELATED/ANALYTICAL TITLE | |
| Uncontrolled related/analytical title | Púť lásky |
| 830 #0 - SERIES ADDED ENTRY--UNIFORM TITLE | |
| Uniform title | Populart |
| Name of part/section of a work | Slovenská romantická litaratúra |
| 830 #0 - SERIES ADDED ENTRY--UNIFORM TITLE | |
| Uniform title | Študentská knižnica |
| 910 ## - USER-OPTION DATA (OCLC) | |
| User-option data | snk |
| 942 ## - ADDED ENTRY ELEMENTS (KOHA) | |
| Source of classification or shelving scheme | Dewey Decimal Classification |
| Koha item type | Krásna literatúra pre dospelých |
| Suppress in OPAC | No |
| 949 ## - LOCAL PROCESSING INFORMATION (OCLC) | |
| 6 | 270001000041373 |
| a | svkbbA 94676 |
| p | 612.584 |
| 949 ## - LOCAL PROCESSING INFORMATION (OCLC) | |
| 6 | 270001000042725 |
| a | svkbbA 94676 |
| p | 612.583 |
| 949 ## - LOCAL PROCESSING INFORMATION (OCLC) | |
| 6 | 270001000066131 |
| a | svkbbA 94676 |
| p | 613.250 |
| 949 ## - LOCAL PROCESSING INFORMATION (OCLC) | |
| 6 | 17A1525880 |
| a | snkSC 111089 D1 |
| b | snk2023/6450 |
| o | 118/23 - em |
| 949 ## - LOCAL PROCESSING INFORMATION (OCLC) | |
| 6 | 17A0378275 |
| a | snkSC 111089 |
| b | snkKSP 3919/2003 |
| s | 6100:20210419 |
| Stav vyradenia | Strata | Poškodenie | Spôsob nadobudnutia | Domovská knižnica | Aktuálna knižnica | Dátum nadobudnutia | Total checkouts | Čiarový kód exemplára | Date last seen | Typ exemplára |
|---|---|---|---|---|---|---|---|---|---|---|
| Dar | Obecná knižnica Horná Štubňa | Obecná knižnica Horná Štubňa | 22.01.2026 | 8088834414 | 22.01.2026 | Krásna literatúra pre dospelých |
